000 00800nam a2200253Ia 4500
003 OSt
005 20220923222802.0
006 a|||||r|||| 00| 0
007 ta
008 220922b |||||||| |||| 00| 0 hin d
024 _a207,844
037 _cTextual
040 _aARTS
_cARTS
_bhin
041 _2hin
_ahin
082 _aO152,3NPR3x, M7
100 _aप्रभा, बंसत
245 0 _aअंधेरी सांझ में
246 _aAandherī sāanza mean
260 _aनई दिल्ली
_b अभिव्यंजना प्रका0
_c1987
300 _a160पृ.
_ccm.
650 _aहिन्दी साहित्य
_9156264
942 _hO152,3NPR3x, M7
_cTEXL
_2CC
999 _c358461
_d358461